| 000 | 00372nam a2200145Ia 4500 | ||
|---|---|---|---|
| 008 | 230917s9999||||xx |||||||||||||| ||und|| | ||
| 040 |
_e137976 _aMAIN |
||
| 041 | _aEnglish | ||
| 082 | _a658.3 S55K | ||
| 100 | _aShermon, Ganesh | ||
| 245 | 0 | _aKnowlege human resource management | |
| 260 |
_aMumbai _bHimalaya Publishing House _c2007 |
||
| 300 | _a348p p. | ||
| 942 | _cBK | ||
| 999 |
_c147317 _d147317 |
||